Reforma a rozpočet vysokých škôl na rok 2002

Zvýšenie rozpočtu kapitoly ministerstva školstva účelovo pre vysoké školy na rok 2002. Súhrn navrhovaných zmien v rozpočte vysokých škôl na rok 2002. Porovnanie financovania vysokého školstva v štátoch OECD a na Slovensku.

Guardado en:
Detalles Bibliográficos
Autor principal: Dado, Milan
Otros Autores: Vozár, Libor
Formato: Capítulo de libro
Lenguaje:eslovaco
Materias:
Etiquetas: Agregar Etiqueta
Sin Etiquetas, Sea el primero en etiquetar este registro!

MARC

LEADER 00000naa a2200000 4500
001 r044978
005 20230927095717.1
041 0 |a slo 
044 |a SK 
245 1 0 |a Reforma a rozpočet vysokých škôl na rok 2002  |c Milan Dado, Libor Vozár 
520 |a Zvýšenie rozpočtu kapitoly ministerstva školstva účelovo pre vysoké školy na rok 2002. Súhrn navrhovaných zmien v rozpočte vysokých škôl na rok 2002. Porovnanie financovania vysokého školstva v štátoch OECD a na Slovensku. 
610 2 0 |a rozpočty 
610 2 0 |a školy vysoké 
610 2 0 |a Slovensko 
610 2 0 |a 2000 
610 2 0 |a financovanie 
610 2 0 |a výdavky 
610 2 0 |a vzdelávanie 
610 2 0 |a študenti 
610 2 0 |a učitelia 
610 2 0 |a porovnanie medzinárodné 
610 2 0 |a OECD 
100 1 |a Dado, Milan 
700 1 |a Vozár, Libor